| 000 | 00633nam a2200229Ia 4500 | ||
|---|---|---|---|
| 003 | OSt | ||
| 005 | 20220923220826.0 | ||
| 006 | a|||||r|||| 00| 0 | ||
| 007 | ta | ||
| 008 | 220922b |||||||| |||| 00| 0 hin d | ||
| 024 | _a190,999 | ||
| 037 | _cTextual | ||
| 040 |
_aARTS _cARTS _bhin |
||
| 041 |
_2hin _ahin |
||
| 082 | _aR66, 152G4 | ||
| 100 | _aविद्यारण्य | ||
| 245 | 0 | _aपंचदशी, अनु रामवतार | |
| 246 | _aPanchadashī, anu0 rāmavatāra | ||
| 260 | _c1934 | ||
| 942 |
_hR66, 152G4 _cTEXL _2CC |
||
| 999 |
_c343720 _d343720 |
||